'H' TV Character Match Quiz Stats

 Plays Quiz Updated May 23, 2019

Score 0/24 Timer 04:00
2 Plays Today
% Correct
The Big Bang Theory
85%
Game of Thrones
84.7%
M*A*S*H
83.5%
The Fresh Prince of Bel-Air
79.5%
Gotham
77.4%
Modern Family
77.2%
Star Trek
73.1%
The A-Team
72.1%
Heroes
66.1%
Sabrina the Teenage Witch
64.6%
Lost
63.8%
Night Court
56.6%
% Correct
Breaking Bad
56.4%
The Simpsons
54.5%
Little House on the Prairie
54%
The Office (US)
52.3%
Futurama
51.8%
Hey Arnold!
46.2%
Ben 10
39.7%
Dexter
38.2%
Californication
31.7%
Parenthood
29.8%
Once Upon a Time
25.5%
Scorpion
17.9%

You're not logged in!

Compare scores with friends on all Sporcle quizzes.
OR
Log In

Show Comments

Extras

Top Quizzes Today


Score Distribution

Your Account Isn't Verified!

In order to create a playlist on Sporcle, you need to verify the email address you used during registration. Go to your Sporcle Settings to finish the process.

Report this User

Report this user for behavior that violates our Community Guidelines.

Details: